000 00386nam a22001217a 4500
999 _c9711
_d9711
003 OSt
008 201211b ||||| |||| 00| 0 eng d
245 _aSiddhant A Journal of Decision Making
250 _a2014(Jan-Mar Vol.14 No.1, Apr-Jun Vol.14 No.2, Jul-Sep Vol.14 No.3, Oct-Dec Vol.14 No.4)
260 _aNew Delhi
_bDiva Enterprises Pvt. Ltd.
650 _aManagement
942 _2ddc
_cBV